| 000 | 00557nam a2200181Ia 4500 | ||
|---|---|---|---|
| 003 | LDD | ||
| 008 | 190117s9999 xx 000 0 und d | ||
| 020 | _c₹350 | ||
| 040 | _cLDD | ||
| 041 | _ahi | ||
| 082 | _a8H3.7003 भा6442 | ||
| 100 | _aनगेन्द्र | ||
| 245 | 0 |
_aभारतीय साहित्य कोश _cनगेन्द्र |
|
| 246 | _a Bhartiya sahitya kosh | ||
| 260 |
_aनई दिल्ली _bनेशनल पब्लिशिंग हाउस _c1981 |
||
| 300 | _a1437प्र. | ||
| 942 |
_2ddc _cH |
||
| 999 |
_c161875 _d161875 |
||